| 000 | 00496cam a22001337a 4500 | ||
|---|---|---|---|
| 008 | 180718b1989 xxu||||| |||| 00| 0 eng d | ||
| 082 | _aR6:T212x54 In2ri | ||
| 245 |
_aReport on survey of labour conditions in rice milling, power machines industry, 1986 _cby Labour Bureau, Ministry of Labour |
||
| 260 |
_aDelhi _bThe Manager of Publications _c1989 |
||
| 300 | _a60p. | ||
| 650 | _aWork environment - India | ||
| 650 | _aRice - Milling - India | ||
| 700 | _aIndia. Ministry of Labour. Labour Bureau | ||
| 999 |
_c484748 _d484748 |
||